Football Tic-Tac-Toe #3 - Statistics

General Stats
  • This quiz has been taken 7,300 times
    2,528 since last reset
  • The average score is 6 of 9
Answer Stats
Category Turn # Best Examples % Correct
Real Madrid + Manchester United 12 David Beckham | Casemiro | Cristiano Ronaldo
99%
Juventus + Manchester United 9 Cristiano Ronaldo | Paul Pogba | Carlos Tévez
93%
Real Madrid + Chelsea 17 Thibaut Courtois | Eden Hazard | Antonio Rüdiger
87%
Real Madrid + Tottenham 9 Emmanuel Adebayor | Gareth Bale | Luka Modrić
81%
Barcelona + Manchester United 9 Zlatan Ibrahimović | Gerard Piqué | Alexis Sánchez
77%
Barcelona + Chelsea 19 Samuel Eto'o | Cesc Fàbregas | Pedro
73%
Juventus + Chelsea 11 Didier Deschamps | Gonzalo Higuaín | Álvaro Morata
48%
Barcelona + Tottenham 11 Clément Lenglet | Gary Lineker | Paulinho
38%
Juventus + Tottenham 7 Rodrigo Bentancur | Dejan Kulusevski | Cristian Romero
38%
No matching quizzes found
Score Distribution
Percent of People with Each Score
Percentile by Number Answered
Your Score History
You have not taken this quiz since the last reset